<?xml version="1.0" encoding="UTF-8"?>
<record
    xmlns:xsi="http://www.w3.org/2001/XMLSchema-instance"
    xsi:schemaLocation="http://www.loc.gov/MARC21/slim http://www.loc.gov/standards/marcxml/schema/MARC21slim.xsd"
    xmlns="http://www.loc.gov/MARC21/slim">

  <leader>03493aam a2200709 a 4500</leader>
  <controlfield tag="001">000069321</controlfield>
  <controlfield tag="003">AR-BaBN</controlfield>
  <controlfield tag="005">20251212092507.0</controlfield>
  <controlfield tag="008">071109s1977    ag     gr     001 0dspa  </controlfield>
  <datafield tag="015" ind1=" " ind2=" ">
    <subfield code="a">AR-1977</subfield>
  </datafield>
  <datafield tag="020" ind1=" " ind2=" ">
    <subfield code="a">9502503546</subfield>
  </datafield>
  <datafield tag="040" ind1=" " ind2=" ">
    <subfield code="a">AR-BaBN</subfield>
    <subfield code="b">spa</subfield>
    <subfield code="c">AR-BaBN</subfield>
    <subfield code="e">aacr</subfield>
    <subfield code="d">AR-RoUNA</subfield>
  </datafield>
  <datafield tag="041" ind1="1" ind2=" ">
    <subfield code="a">spa</subfield>
  </datafield>
  <datafield tag="044" ind1=" " ind2=" ">
    <subfield code="a">ag</subfield>
    <subfield code="c">ar-c</subfield>
  </datafield>
  <datafield tag="100" ind1="1" ind2=" ">
    <subfield code="a">Durkheim, &#xC9;mile,</subfield>
    <subfield code="d">1858-1917</subfield>
    <subfield code="4">aut</subfield>
    <subfield code="9">27532</subfield>
  </datafield>
  <datafield tag="245" ind1="1" ind2="3">
    <subfield code="a">La sociolog&#xED;a cl&#xE1;sica :</subfield>
    <subfield code="b">Durkheim y Weber. estudio preliminar y selecci&#xF3;n de textos: Juan Carlos Portantiero /</subfield>
    <subfield code="c">&#xC9;mile Durkheim.</subfield>
  </datafield>
  <datafield tag="260" ind1=" " ind2=" ">
    <subfield code="a">Buenos Aires :</subfield>
    <subfield code="b">Centro Editor de Am&#xE9;rica Latina,</subfield>
    <subfield code="c">1985.</subfield>
  </datafield>
  <datafield tag="300" ind1=" " ind2=" ">
    <subfield code="a">127 p. ;</subfield>
    <subfield code="c">19x11 cm.</subfield>
  </datafield>
  <datafield tag="504" ind1=" " ind2=" ">
    <subfield code="a">Incluye notas y referencias bibliogr&#xE1;ficas a pie de p&#xE1;gina.</subfield>
  </datafield>
  <datafield tag="505" ind1=" " ind2=" ">
    <subfield code="t">INDICE </subfield>
  </datafield>
  <datafield tag="505" ind1=" " ind2=" ">
    <subfield code="t">  INTTRODUCCION </subfield>
  </datafield>
  <datafield tag="505" ind1=" " ind2=" ">
    <subfield code="a"> El origen de la sociologia. p. 11. </subfield>
  </datafield>
  <datafield tag="505" ind1=" " ind2=" ">
    <subfield code="a">  Los padres fundadores. p. 14.</subfield>
  </datafield>
  <datafield tag="505" ind1=" " ind2=" ">
    <subfield code="a">  Durkheim: el problema del orden. p. 23. </subfield>
  </datafield>
  <datafield tag="505" ind1=" " ind2=" ">
    <subfield code="a">  Weber: racionalidad y dominaci&#xF3;n. p. 26.  </subfield>
  </datafield>
  <datafield tag="505" ind1=" " ind2=" ">
    <subfield code="t">SELECCION DE TEXTOS</subfield>
  </datafield>
  <datafield tag="505" ind1=" " ind2=" ">
    <subfield code="a">Durkheim: las reglas del m&#xE9;todo sociol&#xF3;gico. p. 33.  </subfield>
  </datafield>
  <datafield tag="505" ind1=" " ind2=" ">
    <subfield code="a">Prefacio de la segunda edici&#xF3;n. p. 33</subfield>
  </datafield>
  <datafield tag="505" ind1=" " ind2=" ">
    <subfield code="t">.CAPITULO I &#xBF;QUE ES HECHO SOCIAL? </subfield>
  </datafield>
  <datafield tag="505" ind1=" " ind2=" ">
    <subfield code="a">  El suicidio. p. 55   </subfield>
  </datafield>
  <datafield tag="505" ind1=" " ind2=" ">
    <subfield code="t">CAPITULO II</subfield>
  </datafield>
  <datafield tag="505" ind1=" " ind2=" ">
    <subfield code="a">Weber: Conceptos sociol&#xF3;gicos fundamentos. p. 76. </subfield>
  </datafield>
  <datafield tag="505" ind1=" " ind2=" ">
    <subfield code="a">  Fundamentos metodol&#xF3;gicos. p.76. </subfield>
  </datafield>
  <datafield tag="505" ind1=" " ind2=" ">
    <subfield code="a">El concepto de acci&#xF3;n social. p. 90. </subfield>
  </datafield>
  <datafield tag="505" ind1=" " ind2=" ">
    <subfield code="a">Tipo de dominaci&#xF3;n y forma de legitimidad. p. 103. </subfield>
  </datafield>
  <datafield tag="505" ind1=" " ind2=" ">
    <subfield code="a">Dominaci&#xF3;n legal con administraci&#xF3;n burocr&#xE1;tica. p. 106.</subfield>
  </datafield>
  <datafield tag="505" ind1=" " ind2=" ">
    <subfield code="a">La rutinizaci&#xF3;n del carisma. p. 112.  </subfield>
  </datafield>
  <datafield tag="505" ind1=" " ind2=" ">
    <subfield code="a">Clases, estamentos partidos. p. 117</subfield>
  </datafield>
  <datafield tag="520" ind1="3" ind2=" ">
    <subfield code="a">La sociolog&#xED;a cl&#xE1;sica de &#xC9;mile Durkheim y Max Weber se centra en explicar el orden y el cambio social a trav&#xE9;s de enfoques diferentes. Durkheim se enfoca en los hechos sociales, las estructuras y la cohesi&#xF3;n social, mientras que Weber se concentra en la acci&#xF3;n social, la interpretaci&#xF3;n de los significados individuales y la influencia de la racionalizaci&#xF3;n y la burocracia en la modernidad. Ambos son considerados padres de la sociolog&#xED;a cl&#xE1;sica por sus influyentes aportaciones para comprender la sociedad. 
</subfield>
  </datafield>
  <datafield tag="650" ind1=" " ind2="4">
    <subfield code="a">Sociolog&#xED;a</subfield>
    <subfield code="z">Francia</subfield>
    <subfield code="y">Siglos 19</subfield>
    <subfield code="y">Siglo 20</subfield>
  </datafield>
  <datafield tag="650" ind1=" " ind2="4">
    <subfield code="a">Sociolog&#xED;a</subfield>
    <subfield code="z">Alemania</subfield>
    <subfield code="y">Siglos 19</subfield>
    <subfield code="y">Siglo 20</subfield>
  </datafield>
  <datafield tag="650" ind1=" " ind2="4">
    <subfield code="a">Teor&#xED;a de la acci&#xF3;n</subfield>
  </datafield>
  <datafield tag="700" ind1="1" ind2=" ">
    <subfield code="a">Weber, Max,</subfield>
    <subfield code="d">1864-1920</subfield>
    <subfield code="9">27536</subfield>
  </datafield>
  <datafield tag="700" ind1="1" ind2=" ">
    <subfield code="a">Portantiero, Juan Carlos,</subfield>
    <subfield code="d">1934-2007</subfield>
    <subfield code="9">27537</subfield>
  </datafield>
  <datafield tag="830" ind1=" " ind2="0">
    <subfield code="a">Biblioteca total (Centro Editor de Am&#xE9;rica Latina)</subfield>
    <subfield code="p">Fundamentos de las ciencias del hombre</subfield>
    <subfield code="v">16</subfield>
    <subfield code="9">27538</subfield>
  </datafield>
  <datafield tag="930" ind1=" " ind2="1">
    <subfield code="l">BNA01</subfield>
    <subfield code="m">LIBRO</subfield>
    <subfield code="6">00830960</subfield>
    <subfield code="8">20110912</subfield>
    <subfield code="h">1a. reimpr., sep. 1978</subfield>
    <subfield code="s">02</subfield>
    <subfield code="n">003</subfield>
    <subfield code="o">000069321</subfield>
  </datafield>
  <datafield tag="930" ind1=" " ind2="1">
    <subfield code="l">BNA01</subfield>
    <subfield code="m">LIBRO</subfield>
    <subfield code="6">00079600</subfield>
    <subfield code="8">20110912</subfield>
    <subfield code="s">02</subfield>
    <subfield code="n">000</subfield>
    <subfield code="o">000069321</subfield>
  </datafield>
  <datafield tag="930" ind1=" " ind2="1">
    <subfield code="l">BNA01</subfield>
    <subfield code="m">LIBRO</subfield>
    <subfield code="6">00841820</subfield>
    <subfield code="8">20110912</subfield>
    <subfield code="s">02</subfield>
    <subfield code="n">002</subfield>
    <subfield code="o">000069321</subfield>
  </datafield>
  <datafield tag="942" ind1=" " ind2=" ">
    <subfield code="2">udc</subfield>
  </datafield>
  <datafield tag="945" ind1=" " ind2=" ">
    <subfield code="d">2025-10-29</subfield>
  </datafield>
  <datafield tag="956" ind1=" " ind2=" ">
    <subfield code="a">GSL</subfield>
    <subfield code="b">00</subfield>
    <subfield code="c">20110915</subfield>
    <subfield code="l">BNA01</subfield>
    <subfield code="h">1045</subfield>
  </datafield>
  <datafield tag="956" ind1=" " ind2=" ">
    <subfield code="a">GSL</subfield>
    <subfield code="c">20130614</subfield>
    <subfield code="l">BNA01</subfield>
    <subfield code="h">1203</subfield>
  </datafield>
  <datafield tag="956" ind1=" " ind2=" ">
    <subfield code="a">MGONZALEZ</subfield>
    <subfield code="b">20</subfield>
    <subfield code="c">20131216</subfield>
    <subfield code="l">BNA01</subfield>
    <subfield code="h">1828</subfield>
  </datafield>
  <datafield tag="956" ind1=" " ind2=" ">
    <subfield code="a">MGONZALEZ</subfield>
    <subfield code="b">20</subfield>
    <subfield code="c">20131216</subfield>
    <subfield code="l">BNA01</subfield>
    <subfield code="h">1829</subfield>
  </datafield>
  <datafield tag="956" ind1=" " ind2=" ">
    <subfield code="a">MGONZALEZ</subfield>
    <subfield code="b">20</subfield>
    <subfield code="c">20131219</subfield>
    <subfield code="l">BNA01</subfield>
    <subfield code="h">1313</subfield>
  </datafield>
  <datafield tag="956" ind1=" " ind2=" ">
    <subfield code="a">MGONZALEZ</subfield>
    <subfield code="b">20</subfield>
    <subfield code="c">20151117</subfield>
    <subfield code="l">BNA01</subfield>
    <subfield code="h">1711</subfield>
  </datafield>
  <datafield tag="956" ind1=" " ind2=" ">
    <subfield code="a">MGONZALEZ</subfield>
    <subfield code="b">20</subfield>
    <subfield code="c">20151117</subfield>
    <subfield code="l">BNA01</subfield>
    <subfield code="h">1714</subfield>
  </datafield>
  <datafield tag="956" ind1=" " ind2=" ">
    <subfield code="a">AFLORIDIA</subfield>
    <subfield code="b">20</subfield>
    <subfield code="c">20170809</subfield>
    <subfield code="l">BNA01</subfield>
    <subfield code="h">1612</subfield>
  </datafield>
  <datafield tag="956" ind1=" " ind2=" ">
    <subfield code="a">DVINAS</subfield>
    <subfield code="b">20</subfield>
    <subfield code="c">20170818</subfield>
    <subfield code="l">BNA01</subfield>
    <subfield code="h">1615</subfield>
  </datafield>
  <datafield tag="956" ind1=" " ind2=" ">
    <subfield code="a">BATCH-UPD</subfield>
    <subfield code="b">20</subfield>
    <subfield code="c">20220302</subfield>
    <subfield code="l">BNA01</subfield>
    <subfield code="h">1630</subfield>
  </datafield>
  <datafield tag="980" ind1=" " ind2=" ">
    <subfield code="6">5</subfield>
    <subfield code="a">Mar&#xED;a Machado</subfield>
    <subfield code="8">5</subfield>
    <subfield code="g">Mar&#xED;a Machado</subfield>
  </datafield>
  <datafield tag="999" ind1=" " ind2=" ">
    <subfield code="c">12202</subfield>
    <subfield code="d">12202</subfield>
  </datafield>
  <datafield tag="952" ind1=" " ind2=" ">
    <subfield code="0">0</subfield>
    <subfield code="1">0</subfield>
    <subfield code="2">udc</subfield>
    <subfield code="4">0</subfield>
    <subfield code="7">0</subfield>
    <subfield code="a">CURDIUR</subfield>
    <subfield code="b">CURDIUR</subfield>
    <subfield code="d">2025-10-29</subfield>
    <subfield code="l">0</subfield>
    <subfield code="p">LCUR-0346</subfield>
    <subfield code="t">ej. 1</subfield>
    <subfield code="x"></subfield>
  </datafield>
</record>
